000 00829nam a2200229Ii 4500
003 JO-AjNU
008 230605s9999||||xx |||||||||||||| ||und||
017 _a1987/12/567
040 _aJO-AjNU
_bara
_erda
_cJO-AjNU
041 _aara
050 1 4 _aPJ7701 1988
100 3 _aتأليف أبو حمدة،محمد علي,
_eauthor
_914018
245 0 0 _aفي التذوق الجمالي لمعلقة (إمرؤ القيس) (دراسة نقدية إبداعية)
250 _aط1
264 3 1 _aعمان:مكتبة الأقصى،1988
300 _a168ص
336 _atext
_btxt
_2rdacontent
337 _aunmediated
_bn
_2rdamedia
338 _avolume
_bnc
_2rdacarrier
490 0 _aسلسلة النقد الأدبي التطبيقي (9)
650 4 _a الشعر العربي - تاريخ ونقد - إمرؤ القيس
_914019
999 _aA3638
_c7206
_d7206